| 000 | 00606nam a2200205 a 4500 | ||
|---|---|---|---|
| 001 | 5529 | ||
| 003 | CDMR | ||
| 005 | 20130920085435.0 | ||
| 008 | 130130s1996||||||||||||||||||||||||||||d | ||
| 020 | _a8492028939 | ||
| 040 |
_aCDMR _bcat _cCDMR |
||
| 100 |
_9746 _aRoglan, Joaquim |
||
| 245 | 1 | 0 |
_aRevistes d'humor a Catalunya _b: 1972-1992 _cJoaquim Roglan i Llop |
| 260 |
_aBarcelona _bDiputació de Barcelona |
||
| 260 |
_c1996 _bCol·legi de Periodistes de Catalunya |
||
| 490 | 0 |
_aVaixells de Paper _v20 |
|
| 650 | 0 | 4 |
_92769 _aRevistes _zCatalunya |
| 650 | 0 | 4 |
_92614 _aHumorisme _xHistòria |
| 942 |
_cMON _2udc |
||
| 999 |
_c5529 _d5529 |
||